V Číne zatiaľ Mercedes ušiť nedokážu

Slovenské odevné firmy sa nemusia báť konkurencie lacných čínskych výrobcov. Viaceré odevné spoločnosti dokázali v roku 2005 udržať produkciu na pôvodnej úrovni, dokonca aj zvýšiť. Európske konfekčné firmy presúvajú záujem o kontrakty spoza čínskeho múru na domáci kontinent. Šance slovenských odevný...

Ausführliche Beschreibung

Gespeichert in:
Bibliographische Detailangaben
1. Verfasser: Sobinkovič, Branislav
Weitere Verfasser: Jesný, Martin
Format: Buchkapitel
Sprache:Slowakisch
Schlagworte:
Tags: Tag hinzufügen
Keine Tags, Fügen Sie das erste Tag hinzu!

MARC

LEADER 00000naa$a2200000$$$4500
001 0046461
005 20231009084053.9
041 0 |a slo 
044 |a SK 
245 1 0 |a V Číne zatiaľ Mercedes ušiť nedokážu  |c Branislav Sobinkovič, Martin Jesný 
520 |a Slovenské odevné firmy sa nemusia báť konkurencie lacných čínskych výrobcov. Viaceré odevné spoločnosti dokázali v roku 2005 udržať produkciu na pôvodnej úrovni, dokonca aj zvýšiť. Európske konfekčné firmy presúvajú záujem o kontrakty spoza čínskeho múru na domáci kontinent. Šance slovenských odevných firiem sú v pružnosti výroby a špecializácii na tovary vyššej kvality. Inovácie výrobkov. 
610 2 0 |a priemysel odevný 
610 2 0 |a výrobky 
610 2 0 |a inovácia výrobkov 
610 2 0 |a pružnosť 
610 2 0 |a kvalita výrobkov 
610 2 0 |a konkurencia 
610 2 0 |a Slovensko 
610 2 0 |a Čína 
100 1 |a Sobinkovič, Branislav 
700 1 |a Jesný, Martin